header

Construction drawings and details for interiors : (Record no. 255523)

MARC details
000 -LEADER
fixed length control field 02295cam a22003614a 4500
001 - CONTROL NUMBER
control field 15259283
003 - CONTROL NUMBER IDENTIFIER
control field OSt
005 - DATE AND TIME OF LATEST TRANSACTION
control field 20170216100550.0
008 - FIXED-LENGTH DATA ELEMENTS--GENERAL INFORMATION
fixed length control field 080412s2009 njuae 001 0 eng
010 ## - LIBRARY OF CONGRESS CONTROL NUMBER
LC control number 2008016846
020 ## - INTERNATIONAL STANDARD BOOK NUMBER
International Standard Book Number 9780470190418 (pbk.)
International Standard Book Number 0470190418 (pbk.)
035 ## - SYSTEM CONTROL NUMBER
System control number (OCoLC)ocn225090457
040 ## - CATALOGING SOURCE
Original cataloging agency DLC
Transcribing agency DLC
Modifying agency BTCTA
-- YDXCP
-- AHS
-- CDX
-- C#P
-- BWX
-- OMB
-- DLC
050 00 - LIBRARY OF CONGRESS CALL NUMBER
Classification number TH2031
Item number .K54 2009
082 00 - DEWEY DECIMAL CLASSIFICATION NUMBER
Classification number 729.022
Edition number 22
100 1# - MAIN ENTRY--PERSONAL NAME
Personal name Kilmer, W. Otie.
245 10 - TITLE STATEMENT
Title Construction drawings and details for interiors :
Remainder of title basic skills /
Statement of responsibility, etc W. Otie Kilmer, Rosemary Kilmer.
250 ## - EDITION STATEMENT
Edition statement 2nd ed.
260 ## - PUBLICATION, DISTRIBUTION, ETC. (IMPRINT)
Place of publication, distribution, etc Hoboken, N.J. :
Name of publisher, distributor, etc Wiley,
Date of publication, distribution, etc c2009.
300 ## - PHYSICAL DESCRIPTION
Extent x, 310 p. :
Other physical details ill., plans ;
Dimensions 22 x 28 cm.
500 ## - GENERAL NOTE
General note Rev. ed. of: Construction drawings and details for interiors : basic skills / W. Otie Kilmer, Rosemary Kilmer. c2003.
General note Includes index.
505 0# - FORMATTED CONTENTS NOTE
Formatted contents note Part I. Drawing communication, equipment, fundamentals, and classification systems : Drawing as communication -- Drafting equipment and their care -- Drawing and drafting fundamentals -- Drawing classification systems -- Part II. Contract documents : Construction drawings, specifications, and contracts -- As-built drawings and demolition plans -- Floor plans -- Fire and life safety plans -- Elevations -- Sections -- Specialty drawings -- Door and window schedules -- Finish schedules and finish plans -- Furniture installation plans -- Furnishings and equipment plans -- Reflective ceiling, lighting, and electrical plans -- Mechanical and plumbing plans -- Reproduction methods and computers -- App.A. Example numbering for simple interior project table of contents -- App.B. MasterFormat, 2004 edition level 1 and 2 numbers and titles -- App.C. Sample ADA guidelines -- App.D. Abbreviations for construction drawings.
650 #0 - SUBJECT ADDED ENTRY--TOPICAL TERM
Topical term or geographic name as entry element Building
General subdivision Details
Form subdivision Drawings.
Topical term or geographic name as entry element Interior architecture.
Topical term or geographic name as entry element Structural drawing.
700 1# - ADDED ENTRY--PERSONAL NAME
Personal name Kilmer, Rosemary.
856 41 - ELECTRONIC LOCATION AND ACCESS
Materials specified Table of contents only
Uniform Resource Identifier <a href="http://www.loc.gov/catdir/toc/ecip0816/2008016846.html">http://www.loc.gov/catdir/toc/ecip0816/2008016846.html</a>
906 ## - LOCAL DATA ELEMENT F, LDF (RLIN)
a 7
b cbc
c orignew
d 1
e ecip
f 20
g y-gencatlg
942 ## - ADDED ENTRY ELEMENTS (KOHA)
Source of classification or shelving scheme Library of Congress Classification
Koha item type Long Loan Books
Holdings
Withdrawn status Lost status Source of classification or shelving scheme Damaged status Not for loan Collection code Home library Current library Shelving location Date acquired Total Checkouts Full call number Barcode Date last seen Price effective from Koha item type
    Library of Congress Classification     Non-fiction Rongo University Library Rongo University Library General Stacks 16/02/2017   TH2031 .K54 2009 201616741 16/02/2017 16/02/2017 Long Loan Books

© 2026 Rongo University
Contact us: librarian | system librarian | Rongo university